| 000 | 00616nam a2200193 a 4500 | ||
|---|---|---|---|
| 005 | 20140310183302.0 | ||
| 008 | 050704s19uu xx 00 eng d | ||
| 020 | _a0761907351 | ||
| 050 |
_aHD 5650 _b.Sa28 2000 |
||
| 100 | _aSagie, Abraham | ||
| 245 |
_aParticipation and empowerment in organizations : _bmodelling, effectiveness, and applications / _cAbraham Sagie |
||
| 260 |
_aU.S.A : _bSage Publications, _c2000. |
||
| 300 |
_a144 p. : _bill. ; _c24 cm. |
||
| 521 | _aBSBA | ||
| 650 |
_aIndustrial management _xemployee participation. |
||
| 700 | _aKowlowsky, Meni | ||
| 942 |
_cBK _2lcc _kFOR |
||
| 999 |
_c21018 _d21018 |
||